00459 2200181 4500001002100000005001500021008004100036035001900077041000700096082001100103090001700114100002100131245003900152260003300191300002800224500001000252650001500262INLIS00000000000391120241224112819241224||||||||| | ||| |||| || |  0010-1224003911 aid0 a297.14 a297.14 ALZ p0 aSyekh al-Zarnuji00aPanduan Belajar Bagi Penuntut Ilmu aJakartabPustaka Amanic2005 aviii, 137 hlm. : 16 cm. aCet.1 0aIlmu Agama